000 00440nam a2200181Ia 4500
005 20240823015129.0
008 240823s9999||||xx |||||||||||||| ||und||
041 _aENGLISH
082 _A621.31042 P3
100 _aChanda C K
245 0 _aLaboratory Experiments on Electrical Machines
250 _a1st
260 _c2003
_bDhanpat Rai &
_aDelhi
500 _aYES
650 _aMachine
_bElectrical
942 _cBK
999 _c171709
_d171709